000 01745nam0a2200373 4500
001 RU\NLR\bibl\1654210
005 20250616034429.0
010 _a978-5-94787-031-2
_9200
021 _aRU
_b2010-42876
_92875
035 _a(nilc)RSL-KNO-004657364
035 _a(NLR Aleph) 001645526
090 _a888959
_c888959
100 _a20100616d2010 |||y0rusy50 ca
101 0 _arus
102 _aRU
105 _aa zzzz|||||
200 1 _aСовременный подход к стимулированию деятельности менеджеров
_fМ. В. Бессарабов, И. А. Сидунов
_gМ-во образования и науки РФ, Гос. образовательное учреждение высш. проф. образования Волгоградский гос. технический ун-т
205 _aПрепринт
210 _aВолгоград
_cВолгоградский гос. экономико-технический колледж
_d2010
215 _a28 с.
_cил., табл.
_d21
320 _aБиблиогр.: с. 28 (7 назв.)
606 1 _aМенеджеры
_xТруд
_xМотивация
_92120424
_3RU\NLR\auth\661280480
610 0 _aЭкономика -- Российская Федерация -- Управление -- Менеджмент
686 _aУ9(2)212,0
_2rubbk
686 _aС550.373
700 1 _aБессарабов
_bМ. В.
_gМихаил Владимирович
_4070
701 1 _aСидунов
_bИ. А.
_gИван Александрович
_4070
801 0 _aRU
_bРГБ
_c20100616
_grcr
801 1 _aRU
_bРГБ
_c20100616
801 2 _aRU
_bNLR
_c20100709
_grcr
830 _aавт. по кн.
942 _cBOOK
980 _aNB